logo

Bir Sreshtho Munshi Abdur Rouf Library
Jhenaidah Cadet College

The teaching of structural words and sentence patterns. (Record no. 7809)

MARC details
000 -LEADER
fixed length control field 00689nam a2200253 4500
001 - CONTROL NUMBER
JCCL Control Number 7809
003 - CONTROL NUMBER IDENTIFIER
JCCL marc code BD-JhCC
005 - DATE AND TIME OF LATEST TRANSACTION
control field 20191212103957.0
008 - FIXED-LENGTH DATA ELEMENTS--GENERAL INFORMATION
fixed length control field 680301m19669999enka 000 0 eng
035 ## - SYSTEM CONTROL NUMBER
system control number (BD-JhCC)7809
040 ## - CATALOGING SOURCE
Original cataloging agency DLC
Transcribing agency DLC
Modifying agency DLC
041 ## - LANGUAGE CODE
Language code of Book eng
050 00 - LIBRARY OF CONGRESS CALL NUMBER
Classification number PE1066
Item number .H64
082 00 - DEWEY DECIMAL CLASSIFICATION NUMBER
Classification number 425/.07
Author mark and Year HOR 1966
100 1# - MAIN ENTRY--PERSONAL NAME
Personal name Hornby, Albert Sydney.
245 14 - TITLE STATEMENT
Title The teaching of structural words and sentence patterns.
260 ## - PUBLICATION, DISTRIBUTION, ETC. (IMPRINT)
Place of publication, distribution, etc London,
Name of publisher, distributor, etc Oxford U.P.,
Date of publication, distribution, etc 1966
300 ## - PHYSICAL DESCRIPTION
Pagination v.
Other physical details illus., tables.
Dimensions 18 1/2 cm.
350 ## - PRICE (NR) (BK AM CF MU VM SE) [OBSOLETE]
Price 6/6 (v. 4)
490 0# - SERIES STATEMENT
Series statement English-teaching library
650 #0 - SUBJECT ADDED ENTRY--TOPICAL TERM
Topical term or geographic name as entry element English language
General subdivision Study and teaching.
942 ## - ADDED ENTRY ELEMENTS (KOHA)
Source of classification or shelving scheme Dewey Decimal Classification
Koha item type Books
Holdings
Source of classification or shelving scheme Damaged status Not for loan Home library Current library Shelving location Total Checkouts Full call number Barcode Date last seen Copy number Koha item type Date of accession
Dewey Decimal Classification     JCC Rouf Library JCC Rouf Library General Stacks   425.07 HOR 1966 873 02/14/2018 C - 1 Books  
Dewey Decimal Classification     JCC Rouf Library JCC Rouf Library General Stacks   425.07 HOR 1966 10416 12/12/2019 C-2 Books 06/06/2017

JCC Library | Contacts | JCC Home

Last Update on 23 September 2017
Copyright @ 2017-2020 JCC Rouf Library
Rouf Library, Jhenidah Cadet College (JCC), Bangladesh